000 00475nam a2200181Ia 4500
001 2577
005 20260306144817.0
008 260306t2015||||xx |||||||||||||| ||spa||
041 _aESP
082 _a616.8915
_bR24
100 _aRamos Gutiérrez, Ricardo
_eAUT
245 0 _aTerapia narrativa con familias multiproblemáticas:
_bel cambio que viene
260 _c2015
300 _a253 páginas :
_c24 cm.
650 _aGEN
654 _aCPS
942 _cLIB
_dJUS
_fJUS
_2ddc
_n
999 _c2577
_d2577